[Event "Mittelfrank Regionalliga Sud-Ost 2122"]
[Site "Mittelfranken"]
[Date "2021.11.14"]
[Round "2.2"]
[White "Stadler, Alexander"]
[Black "Eichschmied, Patrick"]
[Result "1-0"]
[WhiteElo "2058"]
[BlackElo "1948"]
[PlyCount "69"]
[EventDate "2021.10.24"]
[EventType "team-tourn"]
[EventRounds "9"]
[EventCountry "GER"]
[SourceTitle "EXT 2024"]
[Source "ChessBase"]
[SourceDate "2023.10.10"]
[SourceVersion "1"]
[SourceVersionDate "2023.10.10"]
[SourceQuality "1"]
[WhiteTeam "Ortenburg"]
[BlackTeam "Ingolstadt"]
[WhiteTeamCountry "GER"]
[BlackTeamCountry "GER"]

1. d4 d5 2. c4 e6 3. Nc3 Be7 4. cxd5 exd5 5. Bf4 c6 6. e3 Bf5 7. Nf3 Nf6 8. h3 Nbd7 9. Be2 h6 10. Bh2 Qb6 11. Qc1 0-0 12. 0-0 Rfe8 13. Rd1 Ne4 14. Ne5 Nxe5 15. Bxe5 Bd6 16. Bxd6 Nxd6 17. Qd2 Be4 18. b4 a5 19. a3 axb4 20. axb4 Qc7 21. b5 Bf5 22. bxc6 bxc6 23. Rxa8 Rxa8 24. Rc1 Qb7 25. Bd3 Bxd3 26. Qxd3 Ra3 27. Qc2 Rb3 28. Na4 Rb4 29. Nc5 Qb5 30. Ra1 g6 31. Qa2 Rb2 32. Qa8+ Kg7 33. Nd7 Rb1+ 34. Kh2 Rxa1 35. Qf8+ 1-0

[Event "Bezirksliga Oberbayern 1819"]
[Site "Bayern"]
[Date "2018.10.21"]
[Round "1.4"]
[White "Woerl, Alexander"]
[Black "Eichschmied, Patrick"]
[Result "1-0"]
[WhiteElo "2040"]
[BlackElo "1976"]
[PlyCount "55"]
[EventDate "2018.10.21"]
[EventType "team-tourn"]
[EventRounds "9"]
[EventCountry "GER"]
[SourceTitle "EXT 2022"]
[Source "ChessBase"]
[SourceDate "2021.10.06"]
[SourceVersion "1"]
[SourceVersionDate "2021.10.06"]
[SourceQuality "1"]
[WhiteTeam "Gauting"]
[BlackTeam "Ingolstadt MTV"]
[WhiteTeamCountry "GER"]
[BlackTeamCountry "GER"]

1. e4 e5 2. c4 Nc6 3. Nf3 Nf6 4. Nc3 Bc5 5. Be2 d6 6. 0-0 0-0 7. d3 h6 8. h3 a5 9. Nh2 Nh7 10. Bg4 f5 11. exf5 Bxf5 12. Be3 Nd4 13. Ne4 Bb6 14. Rc1 d5 15. Bxf5 Rxf5 16. Ng3 Rf8 17. c5 Ba7 18. Bxd4 exd4 19. Nf3 Rf4 20. Nh5 Rf7 21. Nxd4 c6 22. Nf3 Qc7 23. d4 Re8 24. Ne5 Rfe7 25. Ng3 Ng5 26. f4 Ne6 27. Nf5 Bb8 28. Qg4 1-0

[Event "Forchheim op 17th"]
[Site "Forchheim"]
[Date "2018.09.23"]
[Round "4"]
[White "Siegl, Melina"]
[Black "Eichschmied, Patrick"]
[Result "1/2-1/2"]
[WhiteElo "2019"]
[BlackElo "1895"]
[PlyCount "44"]
[EventDate "2018.09.21"]
[EventType "swiss"]
[EventRounds "5"]
[EventCountry "GER"]
[SourceTitle "EXT 2019"]
[Source "ChessBase"]
[SourceDate "2018.10.10"]
[SourceVersion "1"]
[SourceVersionDate "2018.10.10"]
[SourceQuality "1"]

1. e4 e5 2. Bc4 Nf6 3. d3 Nc6 4. Nf3 Bc5 5. c3 d6 6. Bb3 a6 7. h3 Ba7 8. Nbd2 0-0 9. Nf1 d5 10. Qe2 h6 11. g4 Re8 12. Ng3 Na5 13. Bc2 dxe4 14. dxe4 b5 15. b3 c5 16. Nf5 Bxf5 17. gxf5 Kh8 18. Rg1 Qd6 19. Be3 c4 20. Bd2 Rad8 21. b4 Nc6 22. Nh2 Nd4 1/2-1/2

[Event "Forchheim op 17th"]
[Site "Forchheim"]
[Date "2018.09.22"]
[Round "3"]
[White "Eichschmied, Patrick"]
[Black "Gramb, Marius"]
[Result "0-1"]
[WhiteElo "1895"]
[BlackElo "2073"]
[PlyCount "102"]
[EventDate "2018.09.21"]
[EventType "swiss"]
[EventRounds "5"]
[EventCountry "GER"]
[SourceTitle "EXT 2019"]
[Source "ChessBase"]
[SourceDate "2018.10.10"]
[SourceVersion "1"]
[SourceVersionDate "2018.10.10"]
[SourceQuality "1"]

1. e4 c5 2. Nf3 d6 3. d4 cxd4 4. Nxd4 Nf6 5. Nc3 a6 6. Be3 Ng4 7. Bg5 Qa5 8. Qd2 e6 9. f3 h6 10. Bh4 Ne5 11. 0-0-0 Nbc6 12. Nb3 Qc7 13. f4 Ng6 14. Bg3 Be7 15. Kb1 Bd7 16. Be2 0-0-0 17. Bh5 Rhf8 18. Rhe1 Kb8 19. Qe3 Bc8 20. Bf2 b5 21. g3 Rd7 22. Bf3 Rfd8 23. h4 Bf6 24. h5 Nf8 25. g4 Nb4 26. Re2 Nc6 27. Red2 Be7 28. Ne2 Bb7 29. Ned4 e5 30. Nxc6+ Bxc6 31. Qb6+ Qxb6 32. Bxb6 Rc8 33. fxe5 dxe5 34. Rxd7 Bxd7 35. Ba5 Be6 36. Bc3 f6 37. Be2 Nd7 38. Ba5 Kb7 39. Be1 Kb8 40. Na5 Nc5 41. Bc3 Na4 42. a3 Kc7 43. Nb3 Bc5 44. Nxc5 Nxc5 45. Ba5+ Kc6 46. b3 Nb7 47. Bb4 a5 48. Be1 Ra8 49. Kb2 Bf7 50. c3 a4 51. b4 Nd6 0-1

[Event "Oberbayern Bezirksliga 1718"]
[Site "Germany"]
[Date "2018.03.18"]
[Round "8.2"]
[White "Absmaier, Friedrich"]
[Black "Eichschmied, Patrick"]
[Result "0-1"]
[WhiteElo "2092"]
[BlackElo "1964"]
[PlyCount "82"]
[EventDate "2017.10.22"]
[EventType "team-tourn"]
[EventRounds "9"]
[EventCountry "GER"]
[SourceTitle "EXT 2019"]
[Source "ChessBase"]
[SourceDate "2018.10.10"]
[SourceVersion "1"]
[SourceVersionDate "2018.10.10"]
[SourceQuality "1"]
[WhiteTeam "Starnberg"]
[BlackTeam "Ingolstadt"]
[WhiteTeamCountry "GER"]
[BlackTeamCountry "GER"]

1. e4 e5 2. Nf3 Nc6 3. Bb5 a6 4. Ba4 Nf6 5. 0-0 Be7 6. Re1 b5 7. Bb3 0-0 8. c3 d6 9. h3 Nb8 10. d4 Nbd7 11. Nbd2 Bb7 12. Bc2 Re8 13. Nf1 c5 14. d5 Bf8 15. Ng3 g6 16. Bg5 h6 17. Be3 c4 18. Nh2 h5 19. Qd2 Nh7 20. Rf1 Nc5 21. Rae1 Rc8 22. Bh6 Bxh6 23. Qxh6 Qg5 24. Qxg5 Nxg5 25. h4 Nh7 26. f4 exf4 27. Rxf4 Bxd5 28. Rd1 Bb7 29. Rxd6 Rcd8 30. e5 Nf8 31. Nf3 Nfe6 32. Rxd8 Rxd8 33. Rf6 Nd7 34. Rxe6 fxe6 35. Bxg6 Bxf3 36. gxf3 Nxe5 37. Bxh5 Rd2 38. f4 Nd3 39. f5 exf5 40. Nxf5 Rxb2 41. Nd6 Ne5 0-1

[Event "Oberbayern Bezirksliga 1718"]
[Site "Germany"]
[Date "2018.02.25"]
[Round "7.3"]
[White "Nikutowski, Oliver"]
[Black "Eichschmied, Patrick"]
[Result "1/2-1/2"]
[WhiteElo "1942"]
[BlackElo "1964"]
[PlyCount "33"]
[EventDate "2017.10.22"]
[EventType "team-tourn"]
[EventRounds "9"]
[EventCountry "GER"]
[SourceTitle "EXT 2019"]
[Source "ChessBase"]
[SourceDate "2018.10.10"]
[SourceVersion "1"]
[SourceVersionDate "2018.10.10"]
[SourceQuality "1"]
[WhiteTeam "Gauting"]
[BlackTeam "Ingolstadt"]
[WhiteTeamCountry "GER"]
[BlackTeamCountry "GER"]

1. c4 e5 2. g3 Nf6 3. Bg2 Nc6 4. Nc3 Bc5 5. a3 a5 6. e3 0-0 7. Nge2 Re8 8. d3 d6 9. 0-0 Bg4 10. h3 Bd7 11. Kh2 Qc8 12. Bd2 Ne7 13. Rb1 Nf5 14. e4 Nd4 15. Nxd4 Bxd4 16. Ne2 Bb6 17. f4 1/2-1/2

[Event "Oberbayern Bezirksliga 1718"]
[Site "Germany"]
[Date "2018.01.21"]
[Round "5.3"]
[White "Stang, Wolfgang"]
[Black "Eichschmied, Patrick"]
[Result "0-1"]
[WhiteElo "1814"]
[BlackElo "1964"]
[PlyCount "68"]
[EventDate "2017.10.22"]
[EventType "team-tourn"]
[EventRounds "9"]
[EventCountry "GER"]
[SourceTitle "EXT 2019"]
[Source "ChessBase"]
[SourceDate "2018.10.10"]
[SourceVersion "1"]
[SourceVersionDate "2018.10.10"]
[SourceQuality "1"]
[WhiteTeam "Dorfen"]
[BlackTeam "Ingolstadt"]
[WhiteTeamCountry "GER"]
[BlackTeamCountry "GER"]

1. d4 Nf6 2. c4 e6 3. Nc3 Bb4 4. e3 0-0 5. Bd3 d5 6. Nf3 b6 7. cxd5 exd5 8. 0-0 Bb7 9. Ne5 Nbd7 10. f4 a6 11. Bd2 Bd6 12. Qf3 Re8 13. Qh3 Nf8 14. Be1 Ne4 15. Nxe4 dxe4 16. Bc4 Bxe5 17. fxe5 Ne6 18. Bh4 Qd7 19. Qg3 Bd5 20. Bxd5 Qxd5 21. Rad1 Rac8 22. Rf6 c5 23. Rxe6 fxe6 24. Qg4 cxd4 25. Bf6 Rc7 26. Rxd4 Qxa2 27. Rd2 Qa1+ 28. Kf2 Qc1 29. Ke2 Qc4+ 30. Kf2 Rf8 31. Kg3 Kh8 32. Bd8 Rcf7 33. Qh5 Qf1 34. Qd1 Qf5 0-1

[Event "Oberbayern Bezirksliga 1718"]
[Site "Germany"]
[Date "2017.11.26"]
[Round "3.3"]
[White "Eichschmied, Patrick"]
[Black "Hamberger, Hermann"]
[Result "1/2-1/2"]
[WhiteElo "1964"]
[BlackElo "2042"]
[PlyCount "75"]
[EventDate "2017.10.22"]
[EventType "team-tourn"]
[EventRounds "9"]
[EventCountry "GER"]
[SourceTitle "EXT 2019"]
[Source "ChessBase"]
[SourceDate "2018.10.10"]
[SourceVersion "1"]
[SourceVersionDate "2018.10.10"]
[SourceQuality "1"]
[WhiteTeam "Ingolstadt"]
[BlackTeam "Freilassing"]
[WhiteTeamCountry "GER"]
[BlackTeamCountry "GER"]

1. e4 c5 2. Nf3 d6 3. d4 cxd4 4. Nxd4 Nf6 5. Nc3 g6 6. Be3 Bg7 7. Be2 0-0 8. Qd2 Nc6 9. 0-0-0 Nxd4 10. Bxd4 Be6 11. Kb1 Qc7 12. h4 Rfc8 13. h5 Qa5 14. a3 Bc4 15. hxg6 hxg6 16. Rh4 Bxe2 17. Qxe2 e5 18. Be3 Rxc3 19. bxc3 d5 20. f3 Rc8 21. Rd3 Qb5+ 22. Ka1 Rxc3 23. Bc1 Rc6 24. Qd1 d4 25. Rb3 Qa6 26. Kb1 Nd7 27. Qd3 Rc4 28. Rb4 b5 29. Qb3 Nc5 30. Qa2 Na4 31. Bb2 Qc6 32. Qb3 Rc5 33. Qd3 a6 34. Rh1 Nc3+ 35. Ka1 Na4 36. Kb1 Nc3+ 37. Ka1 Na4 38. Kb1 1/2-1/2

[Event "Nuremberg Zabo op 19th"]
[Site "Nuremberg"]
[Date "2017.09.16"]
[Round "3"]
[White "Kocak, Ediz"]
[Black "Eichschmied, Patrick"]
[Result "1-0"]
[WhiteElo "1862"]
[BlackElo "1974"]
[PlyCount "51"]
[EventDate "2017.09.15"]
[EventType "swiss"]
[EventRounds "5"]
[EventCountry "GER"]
[SourceTitle "EXT 2022"]
[Source "ChessBase"]
[SourceDate "2021.10.06"]
[SourceVersion "1"]
[SourceVersionDate "2021.10.06"]
[SourceQuality "1"]

1. d4 Nf6 2. Bf4 e6 3. e3 c5 4. c3 d5 5. Nd2 Nc6 6. Bd3 Be7 7. Ngf3 0-0 8. Ne5 Bd7 9. h4 Qb6 10. Rb1 Na5 11. g4 Bb5 12. Bc2 cxd4 13. exd4 Nc4 14. g5 Ne8 15. Bxh7+ Kxh7 16. Qh5+ Kg8 17. Nxf7 Rxf7 18. g6 Nf6 19. gxf7+ Kf8 20. Qg6 Nxd2 21. Bxd2 Ne4 22. Bh6 Bf6 23. f3 Bd3 24. fxe4 Bxb1 25. Qxf6 gxh6 26. Rg1 1-0

[Event "Oberbayern Bezirksliga 1617"]
[Site "Germany"]
[Date "2016.10.16"]
[Round "1.7"]
[White "Guenes, Erdogan"]
[Black "Eichschmied, Patrick"]
[Result "0-1"]
[WhiteElo "1951"]
[BlackElo "1974"]
[PlyCount "94"]
[EventDate "2016.10.16"]
[EventType "team-tourn"]
[EventRounds "9"]
[EventCountry "GER"]
[SourceTitle "EXT 2019"]
[Source "ChessBase"]
[SourceDate "2018.10.10"]
[SourceVersion "1"]
[SourceVersionDate "2018.10.10"]
[SourceQuality "1"]
[WhiteTeam "Waldkraiburg"]
[BlackTeam "Ingolstadt"]
[WhiteTeamCountry "GER"]
[BlackTeamCountry "GER"]

1. e4 c5 2. c4 Nc6 3. f4 e6 4. Nc3 Nge7 5. Nf3 d5 6. cxd5 exd5 7. e5 Nf5 8. Bb5 Be7 9. 0-0 0-0 10. Bxc6 bxc6 11. Qa4 Qb6 12. g4 Nd4 13. f5 Ba6 14. Rf2 Bd3 15. Nxd4 cxd4 16. Nd1 Rfe8 17. Rf3 Be2 18. Rf2 Bb5 19. Qb3 Bh4 20. d3 Bxf2+ 21. Nxf2 Rxe5 22. Bf4 Re2 23. a4 Ba6 24. Qxb6 axb6 25. Rc1 c5 26. b4 Rc8 27. b5 Bb7 28. a5 bxa5 29. Ra1 Ra8 30. Bd6 Rc2 31. Ra4 Rc1+ 32. Kg2 c4 33. Be5 c3 34. Ra2 Rb1 35. Bxd4 Rxb5 36. Kg3 Rb3 37. Rc2 a4 38. Nd1 a3 39. Nxc3 a2 40. Nxa2 Rxd3+ 41. Kh4 Rxd4 42. Rc7 Rxa2 43. Rxb7 h6 44. h3 Ra3 45. Rb8+ Kh7 46. Rf8 Rdd3 47. g5 Ra4+ 0-1

[Event "Seebach op 23rd"]
[Site "Grossenseebach"]
[Date "2012.06.08"]
[Round "3"]
[White "Braun, Kristin"]
[Black "Eichschmied, Patrick"]
[Result "1/2-1/2"]
[WhiteElo "1486"]
[BlackElo "1952"]
[PlyCount "84"]
[EventDate "2012.06.07"]
[EventType "swiss"]
[EventRounds "7"]
[EventCountry "GER"]
[SourceTitle "EXT 2013"]
[Source "ChessBase"]
[SourceDate "2012.11.22"]
[SourceVersion "1"]
[SourceVersionDate "2012.11.22"]
[SourceQuality "1"]

1. Nf3 d5 2. g3 Nf6 3. Bg2 c6 4. d3 Bf5 5. 0-0 Nbd7 6. c4 e6 7. b3 h6 8. h4 Bd6 9. Nc3 0-0 10. cxd5 exd5 11. Bb2 Re8 12. Re1 Nc5 13. d4 Nce4 14. Nxe4 dxe4 15. Ne5 Bxe5 16. dxe5 Qxd1 17. Raxd1 Ng4 18. f4 Red8 19. Rd6 Rxd6 20. exd6 Rd8 21. Rd1 Ne3 22. Rd2 Nxg2 23. Kxg2 c5 24. e3 b6 25. Ba3 a5 26. Kf2 f6 27. Bb2 Kf7 28. Bc3 Ke6 29. Ke2 Bg4+ 30. Kf2 Rxd6 31. Rxd6+ Kxd6 32. Ke1 Bd7 33. a3 Kd5 34. Kd2 a4 35. b4 Kc4 36. Kc2 Bg4 37. Be1 Be2 38. Bd2 Bd3+ 39. Kb2 Bf1 40. Kc2 Be2 41. Be1 h5 42. Bd2 Bd3+ 1/2-1/2

[Event "Seebach op 23rd"]
[Site "Grossenseebach"]
[Date "2012.06.07"]
[Round "1"]
[White "Llugiq, Azem"]
[Black "Eichschmied, Patrick"]
[Result "0-1"]
[WhiteElo "1676"]
[BlackElo "1952"]
[PlyCount "102"]
[EventDate "2012.06.07"]
[EventType "swiss"]
[EventRounds "7"]
[EventCountry "GER"]
[SourceTitle "EXT 2013"]
[Source "ChessBase"]
[SourceDate "2012.11.22"]
[SourceVersion "1"]
[SourceVersionDate "2012.11.22"]
[SourceQuality "1"]

1. Nf3 d5 2. d4 Nf6 3. Nc3 Bf5 4. Bf4 e6 5. e3 Be7 6. Be2 0-0 7. 0-0 c5 8. Nh4 Be4 9. Nf3 Nc6 10. Ne5 Rc8 11. a3 a6 12. Rc1 b5 13. dxc5 Nxe5 14. Bxe5 Nd7 15. Bd6 Nxc5 16. Bxc5 Rxc5 17. Nxe4 dxe4 18. c4 bxc4 19. Rxc4 Rd5 20. Rd4 Rxd4 21. Qxd4 Qxd4 22. exd4 a5 23. a4 Rd8 24. Rd1 Bf6 25. Bc4 Bxd4 26. Kf1 e5 27. Ke2 Kf8 28. b3 Ke7 29. h3 f5 30. f3 exf3+ 31. gxf3 Rd6 32. Bb5 Rh6 33. Rh1 Rg6 34. Rh2 Rg3 35. Bc4 Kf6 36. Bd5 Kg5 37. h4+ Kf4 38. h5 Kg5 39. Kd3 Rg1 40. Ke2 Kf4 41. Rh4+ Kg3 42. Rxd4 exd4 43. Kd3 Rd1+ 44. Ke2 Rh1 45. Kd3 f4 46. Kxd4 Rd1+ 47. Kc4 Rxd5 48. Kxd5 Kxf3 49. b4 axb4 50. Kc4 Ke3 51. a5 f3 0-1

[Event "Eschborn op 09th"]
[Site "Eschborn"]
[Date "2012.06.03"]
[Round "4"]
[White "Eichschmied, Patrick"]
[Black "Schwarz, Eduard"]
[Result "1-0"]
[WhiteElo "1898"]
[BlackElo "1971"]
[PlyCount "85"]
[EventDate "2012.06.01"]
[EventType "swiss"]
[EventRounds "5"]
[EventCountry "GER"]
[SourceTitle "EXT 2014"]
[Source "ChessBase"]
[SourceDate "2013.11.20"]
[SourceVersion "1"]
[SourceVersionDate "2013.11.20"]
[SourceQuality "1"]

1. d4 d5 2. Nf3 Nf6 3. c4 c6 4. Nc3 Bf5 5. Qb3 Qb6 6. Qxb6 axb6 7. cxd5 cxd5 8. Bf4 e6 9. e3 Bb4 10. Bb5+ Ke7 11. Ke2 Bxc3 12. bxc3 Ne4 13. Rhc1 Rc8 14. c4 dxc4 15. Bxc4 Nc6 16. Nd2 Na5 17. Nxe4 Bxe4 18. Bd3 Bxg2 19. Rg1 Bh3 20. Rab1 Nc4 21. Rb4 Rxa2+ 22. Kf3 Nd2+ 23. Kg3 Bf5 24. Bxf5 exf5 25. Rxb6 Ne4+ 26. Kh4 g6 27. Rxb7+ Ke8 28. f3 Nf6 29. Be5 Nh5 30. Kg5 f4 31. Bxf4 Nxf4 32. Kxf4 Rxh2 33. Ra1 Rh5 34. e4 f5 35. Raa7 fxe4 36. Re7+ Kf8 37. Rf7+ Kg8 38. fxe4 Rf8 39. Rxf8+ Kxf8 40. d5 Ke8 41. d6 Kd8 42. e5 g5+ 43. Kg4 1-0